000 00722cam a2200265 4500
001 2088
005 20171031125647.0
010 _a9724225283
021 _aPT
_b165933/01
035 _a(bn)1072955
090 _a2088
100 _a20011213d2001 m y0pory5003 ba
101 1 _ceng
105 _ay z 000ay
106 _ar
200 1 _aˆA ‰imagem no espelho
_fDanielle Steel
_gtrad. Eduardo Saló
210 _aLisboa
_cCírculo de Leitores,
_dimp. 2001
215 _a351, [1] p.
_d21 cm
304 _aTit. orig.: Mirror image
600 _aDanielle Steel
601 _aCírculo de Leitores,
675 _a821.111(73)-31"19/20"
_vBN
_zpor
700 1 _aSteel,
_bDanielle,
_f1947-
702 1 _aSaló,
_bEduardo
_4730
942 _cBK